Assessing vulnerability to global enviromental change : (Record no. 134059)

MARC details
000 -LEADER
fixed length control field 00904nam a2200253 a 4500
008 - FIXED-LENGTH DATA ELEMENTS--GENERAL INFORMATION
fixed length control field
020 ## - INTERNATIONAL STANDARD BOOK NUMBER
International Standard Book Number 9781844076970 (hbk.)
049 ## - LOCAL HOLDINGS (OCLC)
Holding library MAIN
090 ## - LOCALLY ASSIGNED LC-TYPE CALL NUMBER (OCLC); LOCAL CALL NUMBER (RLIN)
Classification number (OCLC) (R) ; Classification number, CALL (RLIN) (NR) GE149
Local cutter number (OCLC) ; Book number/undivided call number, CALL (RLIN) ASS
003 - CONTROL NUMBER IDENTIFIER
control field
005 - DATE AND TIME OF LATEST TRANSACTION
control field 20230123125014.0
040 ## - CATALOGING SOURCE
Transcribing agency NUST
245 10 - TITLE STATEMENT
Title Assessing vulnerability to global enviromental change :
Remainder of title Making research useful for adaptaption,decision making and policy /
Statement of responsibility, etc. edited by Anthony G. Patt etal..
260 ## - PUBLICATION, DISTRIBUTION, ETC.
Place of publication, distribution, etc. London :
Name of publisher, distributor, etc. Earthscan,
Date of publication, distribution, etc. 2009
300 ## - PHYSICAL DESCRIPTION
Extent xix, 258 p. :
Other physical details ill. ;
Dimensions 24 cm.
504 ## - BIBLIOGRAPHY, ETC. NOTE
Bibliography, etc. note Includes bibliographical references.
500 ## - GENERAL NOTE
General note Includes index.
650 #1 - SUBJECT ADDED ENTRY--TOPICAL TERM
Topical term or geographic name entry element Global enviromental change
General subdivision Enviromental policy
-- Enviromental risk assessment.
700 ## - ADDED ENTRY--PERSONAL NAME
Personal name de la Vega-Leinert, Cristina A
700 ## - ADDED ENTRY--PERSONAL NAME
Personal name Klein, Richard F, T.
700 ## - ADDED ENTRY--PERSONAL NAME
Personal name Schroter, Dagmar.
907 ## - LOCAL DATA ELEMENT G, LDG (RLIN)
a .b10274765
b 18-03-10
c 03-03-10
942 ## - ADDED ENTRY ELEMENTS (KOHA)
Koha item type Ordinary Loan Books
Call number prefix GE149
Call number suffix ASS
Holdings
Date last seen Total Checkouts Full call number Barcode Cost, replacement price Price effective from Koha item type Lost status Source of classification or shelving scheme Damaged status Not for loan Collection Withdrawn status Home library Current library Shelving location Date acquired Cost, normal purchase price
01/23/2023 13 GE149 ASS 92004012452 80.00 01/23/2023 BOOKS   LCC     NFIC   MAIN MAIN GEN 01/23/2023 80.00